Sports Quiz

Random Sports or NBA Quiz

Find the NBA Teams Quiz Stats

 Plays Quiz Updated Jul 24, 2017

Support Sporcle.
Go Orange.
Score 0/29 Timer 04:00
5 Plays Today
% Correct
Raptors
83.7%
Heat
79.8%
Magic
79.4%
Trail Blazers
78.8%
Thunder
78.2%
Celtics
78%
Suns
77.9%
Timberwolves
77.5%
Jazz
77.4%
Nuggets
77.4%
Pelicans
75.6%
Hawks
74.9%
Lakers|Clippers
74.3%
Warriors
73.9%
Hornets
73.1%
% Correct
76ers
73.1%
Pacers
73.1%
Cavaliers
72.5%
Kings
72.2%
Bulls
71.7%
Knicks
71.7%
Nets
70.4%
Spurs
70.2%
Rockets
70%
Grizzlies
69.5%
Pistons
69%
Mavericks
68.5%
Wizards
68.2%
Bucks
66.4%

You're not logged in!

Compare scores with friends on all Sporcle quizzes.
OR
Log In
Forgot?

From the Vault

No Winter Olympic Medals

by eyedar

Sure maybe you don't win a medal, but if you have a good story they might make a movie about you.
Remove Ads.
Support Sporcle.
Get the best of Sporcle when you Go Orange. This ad-free experience offers more features, more stats, and more fun while also helping to support Sporcle. Thank you for becoming a member.

Show Comments

Extras

Top Quizzes Today


Score Distribution

Your Account Isn't Verified!

In order to create a playlist on Sporcle, you need to verify the email address you used during registration. Go to your Sporcle Settings to finish the process.

Report this User

Report this user for behavior that violates our Community Guidelines.

Details: